| 000 | 00376 a2200133 4500 | ||
|---|---|---|---|
| 001 | ART_11126 | ||
| 005 | 20260410161732.0 | ||
| 008 | 260409a | ||
| 245 | 1 | 0 | _aPlaneamiento impositivo |
| 100 | 1 | _aCravino, Daniel | |
| 700 | 1 | _aGarcía, Fernando | |
| 700 | 1 | _aShilton, Edgardo | |
| 773 | 0 |
_tEjecutivos de finanzas _g- Año 5, Nº 42 (nov. 1987) _wREV2863 |
|
| 999 |
_c17990 _d17990 |
||